Welcome to CU Library Online Public Access Catalogue (OPAC)

Counselling in health care settings : (Record no. 378)

MARC details
000 -LEADER
fixed length control field 00823cam a2200241 a 4500
001 - CONTROL NUMBER
control field 15470913
005 - DATE AND TIME OF LATEST TRANSACTION
control field 20241030142651.0
008 - FIXED-LENGTH DATA ELEMENTS--GENERAL INFORMATION
fixed length control field 080926s2009 nyu bf 001 0 eng
020 ## - INTERNATIONAL STANDARD BOOK NUMBER
International Standard Book Number 9780230549425 (pbk.)
020 ## - INTERNATIONAL STANDARD BOOK NUMBER
International Standard Book Number 023054942X (pbk.)
050 00 - LIBRARY OF CONGRESS CALL NUMBER
Classification number RC466
Item number .C676 2009
082 00 - DEWEY DECIMAL CLASSIFICATION NUMBER
Classification number 616.89/14
Edition information 22
245 00 - TITLE STATEMENT
Title Counselling in health care settings :
Remainder of title a handbook for practitioners /
Statement of responsibility, etc. Robert Bor ... [et al.].
260 ## - PUBLICATION, DISTRIBUTION, ETC.
Place of publication, distribution, etc. New York :
Name of publisher, distributor, etc. Palgrave Macmillan,
Date of publication, distribution, etc. 2009.
300 ## - PHYSICAL DESCRIPTION
Extent xvi, 302 p. ;
Dimensions 24 cm.
500 ## - GENERAL NOTE
General note Includes index and bibliography
650 #0 - SUBJECT ADDED ENTRY--TOPICAL TERM
Topical term or geographic name entry element Mental health counseling
Form subdivision Handbooks, manuals, etc.
650 #0 - SUBJECT ADDED ENTRY--TOPICAL TERM
Topical term or geographic name entry element Hospital patients
General subdivision Counseling of
Form subdivision Handbooks, manuals, etc.
650 12 - SUBJECT ADDED ENTRY--TOPICAL TERM
Topical term or geographic name entry element Counseling
General subdivision methods.
650 22 - SUBJECT ADDED ENTRY--TOPICAL TERM
Topical term or geographic name entry element Psychology, Medical
General subdivision methods.
700 1# - ADDED ENTRY--PERSONAL NAME
Personal name Bor, Robert.
942 ## - ADDED ENTRY ELEMENTS (KOHA)
Source of classification or shelving scheme Library of Congress Classification
Koha item type Books
Suppress in OPAC No
999 ## -
-- 378
-- 378
Holdings
Withdrawn status Lost status Source of classification or shelving scheme Damaged status Not for loan Collection Home library Current library Shelving location Date acquired Total checkouts Full call number Barcode Date last seen Copy number Price effective from Koha item type
    Library of Congress Classification     Non-fiction Science Library (Miotso) Science Library (Miotso) General stacks 01/22/2025   R 727.4 COU SLM00002071 01/22/2025 1 01/22/2025 Books
    Library of Congress Classification     Non-fiction Science Library (Miotso) Science Library (Miotso) General stacks 01/22/2025   R 727.4 COU SLM00002072 01/22/2025 2 01/22/2025 Books
    Library of Congress Classification     Non-fiction Science Library (Miotso) Science Library (Miotso) General stacks 01/22/2025   R 727.4 COU SLM00002073 01/22/2025 3 01/22/2025 Books
    Library of Congress Classification     Non-fiction Undergraduate Library (Christ Temple) Undergraduate Library (Christ Temple) General stacks 10/30/2024   R 742.4 COU ulct00000090 10/30/2024 1 10/30/2024 Books
© 2023-2024 Copyright: Central University Libraries. All Rights Reserved | Created by: Mahone Tech Office